| 000 | 00503nam a2200181Ia 4500 | ||
|---|---|---|---|
| 003 | OSt | ||
| 005 | 20240404164027.0 | ||
| 008 | 210210b1946 xxu||||| |||| 00| 0 eng d | ||
| 040 | _cAL | ||
| 041 | _aKannada | ||
| 082 | _a856/110 | ||
| 100 |
_aVINOBACHARYA ವಿನೋಬಾಚಾರ್ಯ _9158694 |
||
| 245 |
_aSvarajya shastra _bಸ್ವರಾಜ್ಯ ಶಾಸ್ತ್ರ |
||
| 260 |
_aBengaLUru _b- _c1946 |
||
| 690 |
_aKannada Miscellaneous _9158695 |
||
| 906 | _a020358 | ||
| 942 |
_2ddc _cBK |
||
| 999 |
_c144507 _d144507 |
||